Correctional supervisory management : (Record no. 60044)
[ view plain ]
| 000 -LEADER | |
|---|---|
| fixed length control field | 01012nam a2200289 a 4500 |
| 001 - CONTROL NUMBER | |
| control field | 60044 |
| 003 - CONTROL NUMBER IDENTIFIER | |
| rucl marc code | BD-RjUL |
| 005 - DATE AND TIME OF LATEST TRANSACTION | |
| control field | 20211209080810.0 |
| 008 - FIXED-LENGTH DATA ELEMENTS--GENERAL INFORMATION | |
| fixed length control field | 161228s1982 njua b 001 0 eng |
| 020 ## - INTERNATIONAL STANDARD BOOK NUMBER | |
| International Standard Book Number | 013178269X |
| 035 ## - SYSTEM CONTROL NUMBER | |
| System control number | (BD-RjUL)60168 |
| 040 ## - CATALOGING SOURCE | |
| Original cataloging agency | DLC |
| Transcribing agency | DLC |
| Modifying agency | DLC |
| Language of cataloging | eng |
| 041 ## - LANGUAGE CODE | |
| Language code of text/sound track or separate title | eng |
| 082 00 - DEWEY DECIMAL CLASSIFICATION NUMBER | |
| Classification number | 365.0683 |
| Edition number | 19 |
| Author mark and year | ARC 1982 |
| 100 1# - MAIN ENTRY--PERSONAL NAME | |
| Personal name | Archambeault, William G. |
| 9 (RLIN) | 178678 |
| 245 10 - TITLE STATEMENT | |
| Title | Correctional supervisory management : |
| Remainder of title | principles of organization, policy, and law / |
| Statement of responsibility, etc. | William G. Archambeault, Betty J. Archambeault. |
| 260 ## - PUBLICATION, DISTRIBUTION, ETC. (IMPRINT) | |
| Place of publication, distribution, etc. | Englewood Cliffs, N.J. : |
| Name of publisher, distributor, etc. | Prentice-Hall, |
| Date of publication, distribution, etc. | c1982. |
| 300 ## - PHYSICAL DESCRIPTION | |
| Pagination | xxiii, 454 p. : |
| Illustrations | ill. ; |
| Size | 24 cm. |
| 500 ## - GENERAL NOTE | |
| General note | Includes indexes. |
| 504 ## - BIBLIOGRAPHY, ETC. NOTE | |
| Bibliography, etc | Bibliography: p. 435-445. |
| 650 #0 - SUBJECT ADDED ENTRY--TOPICAL TERM | |
| Topical term or geographic name as entry element | Corrections |
| Geographic subdivision | United States |
| General subdivision | Personnel management. |
| 9 (RLIN) | 178680 |
| Topical term or geographic name as entry element | Correctional law |
| Geographic subdivision | United States. |
| 9 (RLIN) | 178681 |
| 700 1# - ADDED ENTRY--PERSONAL NAME | |
| Personal name | Archambeault, Betty J. |
| 942 ## - ADDED ENTRY ELEMENTS (KOHA) | |
| Source of classification or shelving scheme | Dewey Decimal Classification |
| Koha item type | Books |
| Lost status | Source of classification or shelving scheme | Damaged status | Not for loan | Collection code | Permanent Location | Current Location | Shelving location | Date acquired | Source of acquisition | Total Checkouts | Full call number | Date last seen | Copy number | Koha item type |
|---|---|---|---|---|---|---|---|---|---|---|---|---|---|---|
| Dewey Decimal Classification | Not For Loan | Non-fiction | Central Library, University of Rajshahi | Central Library, University of Rajshahi | Reading Room | 29/10/2007 | Asia foundation | 365.0683 ARC 1982 | 28/12/2016 | C-1 | Books |